| 000 | 00734nam a2200241 a 4500 | ||
|---|---|---|---|
| 001 | 7115 | ||
| 003 | BD-RjUL | ||
| 005 | 20211208234351.0 | ||
| 008 | 140113s1932 enkb 001 0 eng d | ||
| 035 | _a(BD-RjUL)7157 | ||
| 035 | _a(BD-RjUL) | ||
| 040 |
_aNU _beng _cNU _dNU |
||
| 041 | 0 | _aengalb | |
| 082 |
_221 _a 491.81 _bMAS 1932 |
||
| 100 | 1 |
_aMann, Stuart E. _q(Stuart Edward), _d1905- _922278 |
|
| 245 | 1 | 2 |
_aA short Albanian grammar : _bwith vocabularies, and selected passages for reading / _cby S.E. Mann. |
| 246 | 3 | _aAlbanian grammar | |
| 260 |
_aLondon : _bNutt, _c1932. |
||
| 300 |
_a198 p. : _bmap. ; _c19 cm. |
||
| 500 | _aSpine title: Albanian grammar. | ||
| 650 | 0 |
_aAlbanian language _xGrammar. _922279 |
|
| 942 |
_2ddc _cBK |
||
| 999 |
_c7115 _d7115 |
||